Producción y mercado de los productos cárnicos curados / (Record no. 11326)

MARC details
000 -LEADER
campo de control de longitud fija 00745nam a22002295i 4500
001 - NÚMERO DE CONTROL
campo de control 11326
003 - IDENTIFICADOR DE NÚMERO DE CONTROL
campo de control ES-MaACL
005 - FECHA Y HORA DE LA ÚLTIMA TRANSACCIÓN
campo de control 20230906150057.0
008 - DATOS DE LONGITUD FIJA--INFORMACIÓN GENERAL
campo de control de longitud fija 941215s1994 sp ||||0| spa j
020 ## - NÚMERO INTERNACIONAL ESTÁNDAR DEL LIBRO
Número Internacional Estándar del Libro 84-87269-11-7
040 ## - FUENTE DE CATALOGACIÓN
Centro catalogador/agencia de origen M-BN
Lengua de catalogación spa
Centro/agencia transcriptor M-BN
080 ## - NÚMERO DE LA CLASIFICACIÓN DECIMAL UNIVERSAL
Número de la Clasificación Decimal Universal 637.52:338.45(460)
080 ## - NÚMERO DE LA CLASIFICACIÓN DECIMAL UNIVERSAL
Número de la Clasificación Decimal Universal 338.45(460):637.52
100 1# - ENTRADA PRINCIPAL--NOMBRE DE PERSONA
Nombre de persona Paz Sáez, Antonio.
9 (RLIN) 89783
245 10 - MENCIÓN DEL TÍTULO
Título Producción y mercado de los productos cárnicos curados /
Mención de responsabilidad, etc. Antonio Paz Sèz, José Luis Hernández Crespo.
260 ## - PUBLICACIÓN, DISTRIBUCIÓN, ETC.
Lugar de publicación, distribución, etc. Madrid :
Nombre del editor, distribuidor, etc. Ayala,
Fecha de publicación, distribución, etc. 1994.
300 ## - DESCRIPCIÓN FÍSICA
Extensión 144 p :
Otras características físicas il ;
Dimensiones 24 cm.
504 ## - NOTA DE BIBLIOGRAFÍA, ETC.
Nota de bibliografía, etc. Bibliografía: p. 143-144.
650 14 - PUNTO DE ACCESO ADICIONAL DE MATERIA--TÉRMINO DE MATERIA
Término de materia o nombre geográfico como elemento de entrada Chacinería-
Subdivisión geográfica España.
9 (RLIN) 10911
700 1# - ENTRADA AGREGADA--NOMBRE PERSONAL
Nombre de persona Hernández Crespo, José L.
9 (RLIN) 62912
852 ## - LOCALIZACIÓN
Ubicación ES-MaACL
Número de control de estantería L-18663
Sublocalización o colección R.124735
Holdings
Estatus retirado Estado de pérdida Estado de daño No para préstamo Biblioteca de origen Biblioteca actual Ubicación en estantería Fecha de adquisición Fuente de adquisición Total de préstamos Signatura topográfica completa Código de barras Visto por última vez Precio de reemplazo Tipo de ítem Koha
        Biblioteca del Ateneo de Madrid Biblioteca del Ateneo de Madrid Depósito 2 17/01/2008     L-18663 1011549 23/02/2023 23/02/2023 Libro impreso